[Event "17. Obert Int. Sant Marti 2015 - B"]
[Site "Barcelona ESP"]
[Date "2015.07.20"]
[Round "8.31"]
[White "Arce, Sebastian"]
[Black "Corominas Garrido, Jordi"]
[Result "0-1"]
[WhiteElo "1914"]
[BlackElo "2017"]
[PlyCount "82"]
[EventDate "2015.07.13"]
[EventType "swiss"]
[EventRounds "9"]
[EventCountry "ESP"]
[SourceTitle "Ajedrez en Madrid"]
[Source "lmi"]
[SourceDate "2015.07.13"]
[SourceVersion "1"]
[SourceVersionDate "2019.06.21"]
[SourceQuality "1"]

1. e4 e6 2. d4 d5 3. Nd2 Nf6 4. e5 Nfd7 5. Ndf3 c5 6. c3 Nc6 7. Bd3 Qb6 8. Ne2
Be7 9. O-O cxd4 10. cxd4 O-O 11. Ng3 g6 12. Bb1 f5 13. h4 Qd8 14. h5 g5 15. h6
Rf7 16. Nh5 g4 17. Ng7 Nf8 18. Nh2 Ng6 19. Nxg4 fxg4 20. Qxg4 Rxg7 21. hxg7
Kxg7 22. Qh5 Qe8 23. Be3 Bd7 24. f4 Nd8 25. Rf3 Qg8 26. Rh3 Nf7 27. g4 Kf8 28.
Kf1 Ke8 29. f5 Nf8 30. f6 Bb4 31. Bxh7 Nxh7 32. Qxh7 Bb5+ 33. Kf2 Qxg4 34. Qh5
Qxh5 35. Rxh5 Bd3 36. Rg1 Bf8 37. Rg8 Rc8 38. Bh6 Nxh6 39. Rxh6 Kf7 40. Rhh8
Bf5 41. Ke3 Bh6+ 0-1

[Event "17. Obert Int. Sant Marti 2015 - B"]
[Site "Barcelona ESP"]
[Date "2015.07.20"]
[Round "8.32"]
[White "Fuentes Barrientos, Carlos"]
[Black "Canela Gimenez, M|_ Concepción"]
[Result "1/2-1/2"]
[WhiteElo "1916"]
[BlackElo "1959"]
[PlyCount "33"]
[EventDate "2015.07.13"]
[EventType "swiss"]
[EventRounds "9"]
[EventCountry "ESP"]
[SourceTitle "Ajedrez en Madrid"]
[Source "lmi"]
[SourceDate "2015.07.13"]
[SourceVersion "1"]
[SourceVersionDate "2019.06.21"]
[SourceQuality "1"]

1. d4 c5 2. d5 e5 3. e4 d6 4. Bb5+ Bd7 5. Bxd7+ Nxd7 6. c4 g6 7. h4 Ngf6 8. Nc3
a6 9. g4 Nb6 10. b3 Qd7 11. f3 O-O-O 12. Nge2 h6 13. a4 Be7 14. a5 Na8 15. Bd2
Rdf8 16. Ng3 Qd8 17. Na4 1/2-1/2

[Event "17. Obert Int. Sant Marti 2015 - B"]
[Site "Barcelona ESP"]
[Date "2015.07.20"]
[Round "8.33"]
[White "Volart Buil, Jordi"]
[Black "Escofet Llongueras, Joan"]
[Result "1-0"]
[WhiteElo "1946"]
[BlackElo "1921"]
[PlyCount "75"]
[EventDate "2015.07.13"]
[EventType "swiss"]
[EventRounds "9"]
[EventCountry "ESP"]
[SourceTitle "Ajedrez en Madrid"]
[Source "lmi"]
[SourceDate "2015.07.13"]
[SourceVersion "1"]
[SourceVersionDate "2019.06.21"]
[SourceQuality "1"]

1. d4 Nf6 2. c4 c5 3. d5 b5 4. Nd2 bxc4 5. e4 d6 6. Bxc4 g6 7. Ne2 Bg7 8. O-O
O-O 9. f4 Nbd7 10. Rb1 Nb6 11. b3 Qc7 12. Bb2 a5 13. Qc2 Ba6 14. Nc3 Bxc4 15.
bxc4 a4 16. Nb5 Qd7 17. h3 Rab8 18. e5 Nh5 19. Kh2 Nxc4 20. Qxc4 Rxb5 21. Bc3
Rfb8 22. g4 Rxb1 23. Rxb1 Rxb1 24. Nxb1 dxe5 25. gxh5 Qf5 26. Nd2 Qc2 27. Ba5
Qd1 28. Kg2 exf4 29. Qxf4 Bd4 30. Qf1 Qxh5 31. Qf3 Qg5+ 32. Kf1 Qg1+ 33. Ke2
Qa1 34. a3 Qb2 35. Qd3 Qa2 36. Qf3 c4 37. Bc3 Bc5 38. d6 1-0

[Event "17. Obert Int. Sant Marti 2015 - B"]
[Site "Barcelona ESP"]
[Date "2015.07.20"]
[Round "8.34"]
[White "Gonzalez Moreno, Antoni"]
[Black "Martin Sanchez, Antoni"]
[Result "1-0"]
[WhiteElo "1945"]
[BlackElo "1903"]
[PlyCount "69"]
[EventDate "2015.07.13"]
[EventType "swiss"]
[EventRounds "9"]
[EventCountry "ESP"]
[SourceTitle "Ajedrez en Madrid"]
[Source "lmi"]
[SourceDate "2015.07.13"]
[SourceVersion "1"]
[SourceVersionDate "2019.06.21"]
[SourceQuality "1"]

1. c4 c5 2. Nc3 Nf6 3. g3 Nc6 4. Bg2 e6 5. e3 Be7 6. Nge2 O-O 7. O-O a6 8. d3
Rb8 9. b3 d6 10. Bb2 Bd7 11. a3 Ne8 12. Qc2 Qc7 13. Rac1 b5 14. cxb5 axb5 15.
Ne4 f5 16. Nd2 Qa7 17. Nf4 Bf6 18. Nxe6 Bxe6 19. Bxc6 Bxb2 20. Qxb2 Nf6 21. Bg2
Rfc8 22. Qa1 Qf7 23. Rb1 Rc7 24. Rfc1 Rbc8 25. a4 bxa4 26. bxa4 Ra7 27. Nc4 Qe7
28. a5 Nd5 29. Nb6 Nxb6 30. Rxb6 h6 31. a6 Rcc7 32. Rcb1 Kh7 33. Bb7 d5 34. Qe5
Qf7 35. Qxe6 1-0

[Event "17. Obert Int. Sant Marti 2015 - B"]
[Site "Barcelona ESP"]
[Date "2015.07.20"]
[Round "8.35"]
[White "Salvador Muñoz, Josep M|_"]
[Black "Branca, Colin"]
[Result "0-1"]
[WhiteElo "1936"]
[BlackElo "1850"]
[PlyCount "84"]
[EventDate "2015.07.13"]
[EventType "swiss"]
[EventRounds "9"]
[EventCountry "ESP"]
[SourceTitle "Ajedrez en Madrid"]
[Source "lmi"]
[SourceDate "2015.07.13"]
[SourceVersion "1"]
[SourceVersionDate "2019.06.21"]
[SourceQuality "1"]

1. e4 e6 2. d4 d5 3. exd5 exd5 4. Bd3 Nf6 5. c3 Be7 6. Ne2 c6 7. Nd2 Be6 8. O-O
Nbd7 9. Re1 O-O 10. Nf4 Bg4 11. Qc2 Bd6 12. Nf1 Qc7 13. g3 Rfe8 14. Bd2 Bf3 15.
Ng2 Ne4 16. Re3 Nxd2 17. Qxd2 Bh5 18. Rae1 Nf6 19. Nh4 g6 20. Rxe8+ Rxe8 21.
Rxe8+ Nxe8 22. Qe3 Qe7 23. Kg2 Bg4 24. Qxe7 Bxe7 25. Nf3 Nf6 26. Ne3 Bxf3+ 27.
Kxf3 Nd7 28. g4 Kg7 29. h3 Nb6 30. b3 Ba3 31. Kf4 Kf6 32. h4 h6 33. g5+ hxg5+
34. hxg5+ Ke6 35. Kg4 Bc1 36. Nd1 Bd2 37. f4 f5+ 38. Kf3 Kd6 39. Bc2 Nd7 40. a4
Nf8 41. c4 Ne6 42. Bd3 Nxd4+ 0-1

[Event "17. Obert Int. Sant Marti 2015 - B"]
[Site "Barcelona ESP"]
[Date "2015.07.20"]
[Round "8.36"]
[White "Martinez Ferrer, Rafael"]
[Black "Bes Alvarez, Alex"]
[Result "0-1"]
[WhiteElo "1930"]
[BlackElo "1743"]
[PlyCount "46"]
[EventDate "2015.07.13"]
[EventType "swiss"]
[EventRounds "9"]
[EventCountry "ESP"]
[SourceTitle "Ajedrez en Madrid"]
[Source "lmi"]
[SourceDate "2015.07.13"]
[SourceVersion "1"]
[SourceVersionDate "2019.06.21"]
[SourceQuality "1"]

1. d4 Nf6 2. Nf3 e6 3. Bf4 d5 4. e3 c5 5. c3 Nc6 6. Bd3 cxd4 7. exd4 Bd6 8. Ne5
Qc7 9. Qe2 O-O 10. Nd2 Ne8 11. Bg3 a6 12. O-O f6 13. Qh5 h6 14. Ng6 Rf7 15. Nh4
Bxg3 16. fxg3 Nd6 17. Qg6 b5 18. Qh7+ Kf8 19. Ng6+ Ke8 20. Qg8+ Kd7 21. Ne5+
Nxe5 22. dxe5 Bb7 23. exd6 Qc5+ 0-1

[Event "17. Obert Int. Sant Marti 2015 - B"]
[Site "Barcelona ESP"]
[Date "2015.07.20"]
[Round "8.37"]
[White "Rodriguez Isern, Bernat"]
[Black "Hinarejos Montano, Andres"]
[Result "1-0"]
[WhiteElo "1936"]
[BlackElo "1854"]
[PlyCount "87"]
[EventDate "2015.07.13"]
[EventType "swiss"]
[EventRounds "9"]
[EventCountry "ESP"]
[SourceTitle "Ajedrez en Madrid"]
[Source "lmi"]
[SourceDate "2015.07.13"]
[SourceVersion "1"]
[SourceVersionDate "2019.06.21"]
[SourceQuality "1"]

1. e4 e5 2. Nf3 d6 3. d4 exd4 4. Nxd4 Be7 5. Bc4 Nf6 6. Nc3 O-O 7. Qe2 c5 8.
Nb3 Nc6 9. O-O Ne5 10. Bd5 Rb8 11. a4 Be6 12. h3 Nxd5 13. exd5 Bf5 14. f4 Ng6
15. g4 Bd7 16. f5 Ne5 17. Bf4 f6 18. Nd2 a6 19. Nce4 b5 20. axb5 axb5 21. Ra7
Ra8 22. Rfa1 Rxa7 23. Rxa7 Qb6 24. Ra1 Qb7 25. Bxe5 fxe5 26. c4 bxc4 27. Nxc4
Bb5 28. Nexd6 Bxc4 29. Nxc4 Qxd5 30. Rd1 Qb7 31. Nxe5 Bf6 32. Qc4+ Rf7 33.
Qxf7+ Qxf7 34. Nxf7 Kxf7 35. b3 Bd4+ 36. Kg2 Bf6 37. Kf3 h6 38. Ke4 g6 39. Rd7+
Ke8 40. Rc7 gxf5+ 41. Kxf5 Bd4 42. h4 Kf8 43. g5 hxg5 44. hxg5 1-0

[Event "17. Obert Int. Sant Marti 2015 - B"]
[Site "Barcelona ESP"]
[Date "2015.07.20"]
[Round "8.38"]
[White "Khudov, Oleksandr"]
[Black "Rius Riu, Gerard"]
[Result "0-1"]
[WhiteElo "1528"]
[BlackElo "1936"]
[PlyCount "112"]
[EventDate "2015.07.13"]
[EventType "swiss"]
[EventRounds "9"]
[EventCountry "ESP"]
[SourceTitle "Ajedrez en Madrid"]
[Source "lmi"]
[SourceDate "2015.07.13"]
[SourceVersion "1"]
[SourceVersionDate "2019.06.21"]
[SourceQuality "1"]

1. c4 Nf6 2. Nf3 g6 3. Nc3 Bg7 4. g3 O-O 5. Bg2 d6 6. O-O c5 7. d3 Na6 8. Rb1
Nc7 9. b4 cxb4 10. Rxb4 Na6 11. Rb1 Nd7 12. Bb2 Qa5 13. Nd5 Re8 14. Bxg7 Kxg7
15. Qd2 Qd8 16. Qc3+ Kg8 17. Nd2 Rb8 18. Ne4 Ndc5 19. d4 Nxe4 20. Bxe4 Nc7 21.
Nxc7 Qxc7 22. c5 e6 23. Rfc1 d5 24. Bg2 Bd7 25. Qa3 Ra8 26. Rb2 Bc6 27. e3 h5
28. h4 Qe7 29. Re1 Kg7 30. e4 dxe4 31. Bxe4 Bxe4 32. Rxe4 Red8 33. Qb3 Rab8 34.
a4 b6 35. c6 Qd6 36. Qc3 Rdc8 37. Rc2 Kh7 38. Qf3 Rc7 39. Rf4 Kg7 40. Qc3 Qd5
41. Qf3 Rd8 42. Qxd5 Rxd5 43. Rc4 Rd6 44. Rf3 Rdxc6 45. Rb4 Rc4 46. Rfb3 Kf6
47. Kg2 Ke7 48. Kf3 Kd6 49. Ke3 Rc3+ 50. Rxc3 Rxc3+ 51. Kd2 Rc6 52. Kd3 a6 53.
Rb1 Kd5 54. Rb4 Kd6 55. Rb1 Kc7 56. Kd2 Rc4 0-1

[Event "17. Obert Int. Sant Marti 2015 - B"]
[Site "Barcelona ESP"]
[Date "2015.07.20"]
[Round "8.39"]
[White "Centelles Vivas, Aleix"]
[Black "Cort Hidalgo, Jordi"]
[Result "1-0"]
[WhiteElo "2034"]
[BlackElo "1850"]
[PlyCount "107"]
[EventDate "2015.07.13"]
[EventType "swiss"]
[EventRounds "9"]
[EventCountry "ESP"]
[SourceTitle "Ajedrez en Madrid"]
[Source "lmi"]
[SourceDate "2015.07.13"]
[SourceVersion "1"]
[SourceVersionDate "2019.06.21"]
[SourceQuality "1"]

1. e4 c5 2. Nc3 g6 3. f4 Bg7 4. Nf3 Nc6 5. Bc4 e6 6. O-O Nge7 7. d3 Na5 8. Bb3
Nxb3 9. axb3 a6 10. Qe1 d5 11. Qh4 O-O 12. Ng5 h6 13. Nf3 d4 14. Ne2 Nc6 15.
Qg3 Nb4 16. Ne1 Nc6 17. f5 exf5 18. exf5 g5 19. Bd2 Qe7 20. Qf2 f6 21. g4 Ne5
22. h3 b6 23. Nf3 Bb7 24. Nxe5 Qxe5 25. Ng3 Qd5 26. Rae1 Rfe8 27. Re2 Bc6 28.
Rfe1 Kf7 29. Ne4 Kg8 30. Qg3 Qe5 31. Qxe5 fxe5 32. Nd6 Red8 33. Nc4 e4 34. dxe4
d3 35. cxd3 Rxd3 36. Bc3 Bxc3 37. bxc3 Rxc3 38. Re3 Rxe3 39. Rxe3 b5 40. Na5
Be8 41. e5 Kf7 42. Nb7 c4 43. bxc4 bxc4 44. Nd6+ Ke7 45. Nxc4 a5 46. Nb6 Rb8
47. Nd5+ Kf7 48. e6+ Kg7 49. Kf2 Bc6 50. Rd3 a4 51. f6+ Kf8 52. Ne7 Be8 53. Nf5
Rb3 54. Nxh6 1-0

[Event "17. Obert Int. Sant Marti 2015 - B"]
[Site "Barcelona ESP"]
[Date "2015.07.20"]
[Round "8.40"]
[White "Gonzalez Alonso, Marti"]
[Black "De La Fuente Gil, Roberto"]
[Result "1-0"]
[WhiteElo "1949"]
[BlackElo "1842"]
[PlyCount "75"]
[EventDate "2015.07.13"]
[EventType "swiss"]
[EventRounds "9"]
[EventCountry "ESP"]
[SourceTitle "Ajedrez en Madrid"]
[Source "lmi"]
[SourceDate "2015.07.13"]
[SourceVersion "1"]
[SourceVersionDate "2019.06.21"]
[SourceQuality "1"]

1. e4 c5 2. Nf3 Nc6 3. d4 cxd4 4. Nxd4 g6 5. Nc3 Bg7 6. Be3 Nf6 7. Be2 O-O 8.
O-O d5 9. exd5 Nxd5 10. Nxd5 Qxd5 11. Bf3 Qd7 12. Nxc6 bxc6 13. Qxd7 Bxd7 14.
Rad1 Rfd8 15. Rxd7 Rxd7 16. Bxc6 Rad8 17. Bxd7 Rxd7 18. b3 a6 19. Rb1 Bc3 20.
Kf1 f5 21. Ke2 e5 22. Rd1 Rxd1 23. Kxd1 Kf7 24. Bd2 Bxd2 25. Kxd2 Ke6 26. Kd3
Kd5 27. c4+ Kc5 28. a3 a5 29. Kc3 g5 30. b4+ axb4+ 31. axb4+ Kc6 32. g4 fxg4
33. Kd3 g3 34. fxg3 Kd6 35. Ke4 Ke6 36. b5 h5 37. b6 Kd6 38. c5+ 1-0

[Event "17. Obert Int. Sant Marti 2015 - B"]
[Site "Barcelona ESP"]
[Date "2015.07.20"]
[Round "8.41"]
[White "Beltran Vidal, Daniel"]
[Black "Jimenez Dominguez, Albert"]
[Result "1/2-1/2"]
[WhiteElo "1852"]
[BlackElo "1927"]
[PlyCount "64"]
[EventDate "2015.07.13"]
[EventType "swiss"]
[EventRounds "9"]
[EventCountry "ESP"]
[SourceTitle "Ajedrez en Madrid"]
[Source "lmi"]
[SourceDate "2015.07.13"]
[SourceVersion "1"]
[SourceVersionDate "2019.06.21"]
[SourceQuality "1"]

1. d4 Nf6 2. Bg5 c5 3. Bxf6 gxf6 4. g3 Qb6 5. b3 cxd4 6. Nf3 e5 7. Bg2 d6 8.
O-O Nc6 9. c4 Bf5 10. Nh4 Be6 11. Nd2 f5 12. Bh3 Ne7 13. Ndf3 Bh6 14. Kh1 O-O-O
15. Rb1 f4 16. Bxe6+ fxe6 17. c5 dxc5 18. Nxe5 Rhf8 19. Qd3 Nf5 20. Nhf3 Qd6
21. g4 Nh4 22. Rfc1 Nxf3 23. Nxf3 Rf7 24. b4 Rc7 25. Rc4 e5 26. Qf5+ Kb8 27.
Qxe5 Qxe5 28. Nxe5 Re8 29. Rxc5 Rxc5 30. Nd7+ Kc7 31. Nxc5 Rxe2 32. Kg2 Rxa2
1/2-1/2

[Event "17. Obert Int. Sant Marti 2015 - B"]
[Site "Barcelona ESP"]
[Date "2015.07.20"]
[Round "8.42"]
[White "Tortosa Moros, Joan"]
[Black "Cervera Lopez, Miguel"]
[Result "1-0"]
[WhiteElo "1911"]
[BlackElo "1831"]
[PlyCount "111"]
[EventDate "2015.07.13"]
[EventType "swiss"]
[EventRounds "9"]
[EventCountry "ESP"]
[SourceTitle "Ajedrez en Madrid"]
[Source "lmi"]
[SourceDate "2015.07.13"]
[SourceVersion "1"]
[SourceVersionDate "2019.06.21"]
[SourceQuality "1"]

1. e4 c5 2. Nf3 Nc6 3. d4 cxd4 4. Nxd4 a6 5. c4 e6 6. Nc3 Qb6 7. Nxc6 Qxc6 8.
Bd3 Bb4 9. Bd2 Bxc3 10. Bxc3 Nf6 11. Qe2 b5 12. Bxf6 gxf6 13. cxb5 axb5 14.
Bxb5 Qb6 15. O-O Bb7 16. Rfd1 Rd8 17. a4 Rg8 18. g3 Rg5 19. Rd2 Re5 20. Qd3 Bc6
21. Qd6 Qc5 22. Qxc5 Rxc5 23. Bxc6 Rxc6 24. a5 Ra8 25. f3 Rca6 26. b4 Rb6 27.
Rd4 Rb5 28. Rc1 e5 29. Rdc4 Kd8 30. Ra1 Ra6 31. Rd1 d6 32. Rd5 Rxd5 33. exd5
Kd7 34. Kf2 f5 35. Ke3 Ra7 36. Rh4 Rb7 37. Rc4 Rc7 38. Rxc7+ Kxc7 39. a6 Kb6
40. b5 f6 41. g4 h6 42. gxf5 Ka7 43. Kf2 Kb6 44. Kg3 Ka7 45. Kh4 Kb6 46. Kh5
Ka7 47. Kxh6 Kb6 48. Kg7 Ka7 49. h4 Kb6 50. h5 Ka7 51. h6 Kb6 52. h7 Ka7 53.
h8=Q Kb6 54. Qd8+ Ka7 55. Qc7+ Ka8 56. Qb7# 1-0

[Event "17. Obert Int. Sant Marti 2015 - B"]
[Site "Barcelona ESP"]
[Date "2015.07.20"]
[Round "8.43"]
[White "Vidal Moll, Francesc"]
[Black "Romero Funieles, Rafael De Jesus"]
[Result "0-1"]
[WhiteElo "1791"]
[BlackElo "1893"]
[PlyCount "84"]
[EventDate "2015.07.13"]
[EventType "swiss"]
[EventRounds "9"]
[EventCountry "ESP"]
[SourceTitle "Ajedrez en Madrid"]
[Source "lmi"]
[SourceDate "2015.07.13"]
[SourceVersion "1"]
[SourceVersionDate "2019.06.21"]
[SourceQuality "1"]

1. d4 e6 2. e3 Nf6 3. Bd3 d5 4. Nd2 Bd6 5. f4 c5 6. c3 Nc6 7. Ngf3 h6 8. Ne5
cxd4 9. exd4 a6 10. O-O Qb6 11. Kh1 h5 12. h3 Be7 13. Qe1 Qc7 14. Qg3 Bf8 15.
Re1 Nxe5 16. fxe5 Ng8 17. Nf3 Bd7 18. Rf1 O-O-O 19. Ng5 Nh6 20. Nxf7 h4 21.
Qxh4 Nxf7 22. Qg4 Nh6 23. Bxh6 Rxh6 24. Rf7 Qb6 25. Raf1 Rh8 26. Qe2 g5 27.
R1f6 g4 28. Qf2 Bh6 29. Bf5 gxh3 30. Bxh3 Bc1 31. b3 Qc6 32. Qc2 Ba3 33. Kg1
Bb4 34. c4 dxc4 35. bxc4 Rdg8 36. d5 Qc5+ 37. Kh2 Rxh3+ 38. Kxh3 Qe3+ 39. Rf3
Rh8+ 40. Kg3 Qxe5+ 41. R7f4 Be1+ 42. Kg4 Rg8+ 0-1

[Event "17. Obert Int. Sant Marti 2015 - B"]
[Site "Barcelona ESP"]
[Date "2015.07.20"]
[Round "8.44"]
[White "Febrero Perez, Lluis"]
[Black "Villa Cardenas, Jorge"]
[Result "0-1"]
[WhiteElo "1787"]
[BlackElo "1892"]
[PlyCount "52"]
[EventDate "2015.07.13"]
[EventType "swiss"]
[EventRounds "9"]
[EventCountry "ESP"]
[SourceTitle "Ajedrez en Madrid"]
[Source "lmi"]
[SourceDate "2015.07.13"]
[SourceVersion "1"]
[SourceVersionDate "2019.06.21"]
[SourceQuality "1"]

1. e4 e5 2. Nf3 d6 3. Nc3 Nf6 4. b3 Be7 5. Bb2 Nc6 6. d4 Bg4 7. dxe5 Nxe5 8.
Be2 Ng6 9. h3 Bd7 10. Nd5 Nxd5 11. exd5 O-O 12. O-O a5 13. c4 c6 14. Re1 Bf6
15. Rb1 c5 16. a4 Nf4 17. Bd3 Bxb2 18. Rxb2 Qf6 19. Qd2 Nxd3 20. Qxd3 Qxb2 21.
Re7 Qc1+ 22. Kh2 Rad8 23. h4 Qf4+ 24. g3 Qf6 25. Re3 h6 26. Qe2 Bg4 0-1

[Event "17. Obert Int. Sant Marti 2015 - B"]
[Site "Barcelona ESP"]
[Date "2015.07.20"]
[Round "8.45"]
[White "Varela Cuadrado, Cesar"]
[Black "Serentill Tost, Eduard"]
[Result "0-1"]
[WhiteElo "1876"]
[BlackElo "1808"]
[PlyCount "146"]
[EventDate "2015.07.13"]
[EventType "swiss"]
[EventRounds "9"]
[EventCountry "ESP"]
[SourceTitle "Ajedrez en Madrid"]
[Source "lmi"]
[SourceDate "2015.07.13"]
[SourceVersion "1"]
[SourceVersionDate "2019.06.21"]
[SourceQuality "1"]

1. e4 e6 2. d4 d5 3. Nc3 Nf6 4. e5 Nfd7 5. f4 c5 6. Nf3 Nc6 7. Be3 cxd4 8. Nxd4
Nxd4 9. Bxd4 Bc5 10. Nb5 O-O 11. c3 Bxd4 12. Nxd4 Nc5 13. Be2 f6 14. O-O fxe5
15. fxe5 Rxf1+ 16. Qxf1 Bd7 17. Qf4 Qe7 18. Rf1 Rf8 19. Qe3 Rxf1+ 20. Bxf1 Qh4
21. Nf3 Qe7 22. Be2 b6 23. Bd1 Nb7 24. Bc2 Qc5 25. Nd4 Nd8 26. Qd3 g6 27. h4
Qe7 28. Qg3 Qg7 29. Bb3 Nf7 30. Bxd5 Qxe5 31. Qxe5 Nxe5 32. Nxe6 Bxe6 33. Bxe6+
Kg7 34. b4 Nd3 35. Kf1 Kf6 36. Bc4 Ne5 37. Ba6 Kf5 38. Kf2 Ke4 39. Ke2 Kf4 40.
Kf2 Ng4+ 41. Kg1 Kg3 42. c4 Ne3 43. c5 bxc5 44. bxc5 Nd5 45. Bc4 Nc7 46. Bg8
Kxh4 47. Bxh7 Kg5 48. Bg8 Kf6 49. Kf2 Na6 50. c6 Nc7 51. Bc4 Ke5 52. a4 Kd4 53.
Bb5 a6 54. Be2 Kc5 55. Bf3 Kd6 56. Ke3 Ne6 57. Ke4 Nc5+ 58. Kf4 Nxa4 59. Kg5
Nc5 60. Kxg6 a5 61. Kf7 a4 62. Bd5 Kxd5 63. c7 Nb7 64. g4 Nd6+ 65. Kf8 a3 66.
g5 a2 67. g6 a1=Q 68. g7 Qf1+ 69. Kg8 Ke6 70. Kh7 Qf7 71. Kh8 Qh5+ 72. Kg8 Kf6
73. c8=Q Nxc8 0-1

[Event "17. Obert Int. Sant Marti 2015 - B"]
[Site "Barcelona ESP"]
[Date "2015.07.20"]
[Round "8.46"]
[White "Pascual Gonzalez-Novelles, David"]
[Black "Olleta Tanya, Jordi"]
[Result "1-0"]
[WhiteElo "1869"]
[BlackElo "1720"]
[PlyCount "67"]
[EventDate "2015.07.13"]
[EventType "swiss"]
[EventRounds "9"]
[EventCountry "ESP"]
[SourceTitle "Ajedrez en Madrid"]
[Source "lmi"]
[SourceDate "2015.07.13"]
[SourceVersion "1"]
[SourceVersionDate "2019.06.21"]
[SourceQuality "1"]

1. e4 c5 2. Nf3 Nc6 3. c4 g6 4. Nc3 Bg7 5. d3 Nd4 6. Be2 Nxe2 7. Qxe2 e6 8. O-O
Ne7 9. Rb1 Nc6 10. Bf4 d6 11. e5 d5 12. cxd5 exd5 13. h3 a6 14. Qd2 O-O 15. Bh6
Bf5 16. Bxg7 Kxg7 17. Rbd1 b5 18. d4 c4 19. Ne2 Be4 20. Nh2 Bd3 21. Rfe1 Qh4
22. Nf3 Qe7 23. Nf4 Be4 24. a3 Qd7 25. Ng5 Bf5 26. e6 Qd8 27. exf7 Qd7 28.
Nfe6+ Kh8 29. Nxf8 Rxf8 30. Qe3 h6 31. Qe8 Qc8 32. Qxc8 Kg7 33. Qxc6 hxg5 34.
Re7 1-0

[Event "17. Obert Int. Sant Marti 2015 - B"]
[Site "Barcelona ESP"]
[Date "2015.07.20"]
[Round "8.47"]
[White "Cassi De La Viuda, Àlex"]
[Black "Espadero Roda, Francesc"]
[Result "1-0"]
[WhiteElo "1727"]
[BlackElo "1862"]
[PlyCount "99"]
[EventDate "2015.07.13"]
[EventType "swiss"]
[EventRounds "9"]
[EventCountry "ESP"]
[SourceTitle "Ajedrez en Madrid"]
[Source "lmi"]
[SourceDate "2015.07.13"]
[SourceVersion "1"]
[SourceVersionDate "2019.06.21"]
[SourceQuality "1"]

1. e4 c5 2. Nf3 d6 3. d4 cxd4 4. Nxd4 Nf6 5. Nc3 a6 6. Bc4 e6 7. Be3 Be7 8. O-O
O-O 9. f4 b5 10. Bb3 b4 11. Nce2 Nxe4 12. c3 d5 13. Bc2 Nf6 14. Ng3 Bc5 15.
cxb4 Ba7 16. Qd3 g6 17. b5 Qb6 18. bxa6 Bxa6 19. Qc3 Qd8 20. Rfd1 Nbd7 21. b4
Rc8 22. Qa3 Bxd4 23. Bxd4 Rxc2 24. Qxa6 Qc7 25. Qd3 Rc4 26. Qd2 Rc8 27. Ne2 e5
28. fxe5 Nxe5 29. Bxe5 Qxe5 30. Rac1 Ng4 31. g3 Ne3 32. Rxc4 Rxc4 33. Re1 Rc2
34. Qd3 d4 35. Qxd4 Qxd4 36. Nxd4 Rc3 37. Rb1 Rd3 38. Nc6 Kg7 39. b5 Rd2 40. b6
Ng4 41. b7 Nxh2 42. b8=Q Nf3+ 43. Kf1 Rxa2 44. Rb2 Ra6 45. Ne5 Ng5 46. Qb5 Rf6+
47. Kg2 h5 48. Nd7 Re6 49. Qxg5 f6 50. Nxf6 1-0

[Event "17. Obert Int. Sant Marti 2015 - B"]
[Site "Barcelona ESP"]
[Date "2015.07.20"]
[Round "8.49"]
[White "Fungueiriño Pique, Daniel"]
[Black "Palomero Galvez, Antoni"]
[Result "0-1"]
[WhiteElo "1859"]
[BlackElo "1762"]
[PlyCount "66"]
[EventDate "2015.07.13"]
[EventType "swiss"]
[EventRounds "9"]
[EventCountry "ESP"]
[SourceTitle "Ajedrez en Madrid"]
[Source "lmi"]
[SourceDate "2015.07.13"]
[SourceVersion "1"]
[SourceVersionDate "2019.06.21"]
[SourceQuality "1"]

1. e4 e6 2. d4 d5 3. Bd3 dxe4 4. Bxe4 Nf6 5. Bg5 Nbd7 6. Nf3 h6 7. Bh4 g5 8.
Bg3 Nxe4 9. Qd3 Nxg3 10. hxg3 Bg7 11. Nc3 a5 12. Ne4 b6 13. O-O-O Ba6 14. Qe3
Bb7 15. c4 Qe7 16. a3 O-O-O 17. d5 exd5 18. cxd5 Rhe8 19. Rhe1 f5 20. Nc3 Qxe3+
21. fxe3 Bxc3 22. bxc3 Nc5 23. Kc2 Bxd5 24. Rxd5 Rxd5 25. Nd4 Rde5 26. Kd2 Ne4+
27. Kd3 Nxg3 28. Nf3 Rd8+ 29. Kc2 Re4 30. Nd2 Rg4 31. Nf3 Ne4 32. Re2 Ng3 33.
Rf2 Re4 0-1

[Event "17. Obert Int. Sant Marti 2015 - B"]
[Site "Barcelona ESP"]
[Date "2015.07.20"]
[Round "8.50"]
[White "Domenche Redondo, Francesc"]
[Black "Cano Vila, Eduard"]
[Result "1-0"]
[WhiteElo "1947"]
[BlackElo "1804"]
[PlyCount "71"]
[EventDate "2015.07.13"]
[EventType "swiss"]
[EventRounds "9"]
[EventCountry "ESP"]
[SourceTitle "Ajedrez en Madrid"]
[Source "lmi"]
[SourceDate "2015.07.13"]
[SourceVersion "1"]
[SourceVersionDate "2019.06.21"]
[SourceQuality "1"]

1. d4 Nf6 2. Nf3 g6 3. e3 Bg7 4. Bd3 O-O 5. Nbd2 d6 6. b3 c5 7. Bb2 Nbd7 8. O-O
b6 9. c4 Bb7 10. d5 e6 11. dxe6 fxe6 12. Qc2 Qe7 13. Rfe1 Rae8 14. Rad1 Nh5 15.
Ne4 Bxb2 16. Qxb2 Qg7 17. Qa3 a6 18. Nxd6 Bxf3 19. gxf3 Ra8 20. Be4 Rad8 21.
Nb7 Ra8 22. Rd6 Ne5 23. f4 Qf6 24. Rxe6 Qxe6 25. Bd5 Nf3+ 26. Kf1 Qxd5 27. cxd5
Nxe1 28. Kxe1 Nf6 29. b4 Nxd5 30. Qb3 Rf5 31. e4 Rxf4 32. Qxd5+ Kg7 33. Qe5+
Rf6 34. bxc5 bxc5 35. Nxc5 Rd8 36. Qe7+ 1-0

[Event "17. Obert Int. Sant Marti 2015 - B"]
[Site "Barcelona ESP"]
[Date "2015.07.20"]
[Round "8.51"]
[White "Buisan Arnau, Oriol"]
[Black "Pascual Duran, Pau"]
[Result "0-1"]
[WhiteElo "1756"]
[BlackElo "1897"]
[PlyCount "58"]
[EventDate "2015.07.13"]
[EventType "swiss"]
[EventRounds "9"]
[EventCountry "ESP"]
[SourceTitle "Ajedrez en Madrid"]
[Source "lmi"]
[SourceDate "2015.07.13"]
[SourceVersion "1"]
[SourceVersionDate "2019.06.21"]
[SourceQuality "1"]

1. e4 d6 2. d4 Nf6 3. Nc3 g6 4. Bg5 Bg7 5. f4 O-O 6. e5 dxe5 7. fxe5 Ne8 8. Qd2
c6 9. Nf3 Bg4 10. O-O-O Nc7 11. h3 Be6 12. Bh6 b5 13. Bxg7 Kxg7 14. b3 a5 15.
Be2 b4 16. Na4 Nba6 17. h4 h5 18. Ng5 Qd7 19. Nb6 Qd8 20. Nxa8 Qxa8 21. Nxe6+
Nxe6 22. Bc4 Nac7 23. g4 Rh8 24. gxh5 Rxh5 25. Be2 Rh8 26. Rdg1 Nd5 27. Kb2 a4
28. Bc4 axb3 29. axb3 Qa3+ 0-1